[Event "Turkish Cup 2022"]
[Site "Sakarya"]
[Date "2022.03.26"]
[Round "2.6"]
[White "Cil, Batuhan"]
[Black "Samani, Yamac"]
[Result "0-1"]
[WhiteElo "1737"]
[BlackElo "2257"]
[Annotator "TA"]
[PlyCount "140"]
[EventDate "2022.03.25"]
[EventType "swiss"]
[EventCountry "TUR"]
[SourceTitle "playchess.com"]
[Source "ChessBase"]
[SourceQuality "1"]

{[%evp 9,140,34,39,23,27,0,35,10,16,11,47,-5,6,-23,-22,-20,-14,-16,-23,-35,-13,-52,-55,-42,-56,-44,-42,-49,-37,-35,-31,-60,-39,-45,-30,-55,-52,-40,-13,-15,0,0,0,21,22,14,43,32,34,-16,-7,-78,-84,-75,-81,-79,-76,-79,-73,-54,-60,-64,-31,-104,-24,-157,0,-107,-27,-214,-108,-108,-17,-17,-35,-33,-23,-80,-80,-80,-80,-80,-80,-80,-12,-14,-14,-14,-13,-18,-8,-8,0,-27,-27,-39,-33,-97,-8,-52,-6,-110,-110,-112,-112,-120,-120,-341,-341,-341,-341,-333,-8,-133,-133,-133,-133,-133,-133,-706,-649,-694,-639,-536,-517,-29976,-29977,-29976,-29978,-29978,-29978,-29968,0]} 1. e4 g6 2. d4 Bg7 3. Nc3 d6 4. Be3 a6 5. Be2 b5 6. a3 {B06: Modern Defence.} Bb7 7. Bf3 e5 8. Nge2 {White is slightly better.} Nd7 9. d5 Ne7 {[#]} 10. g3 $146 (10. g4 $14) ({Predecessor:} 10. h4 h5 11. Ng1 Nf6 12. Nh3 Bc8 13. Ng5 Bd7 14. Be2 c5 15. dxc6 Bxc6 16. O-O {½-½ (31) Openshaw,D (1923)-McKenna,J (2110) Caleta 2013}) 10... f5 $11 11. O-O O-O 12. Qd2 Nf6 13. Bg5 Qd7 14. Bg2 Rf7 15. f3 c6 16. dxc6 Qxc6 17. Rad1 Rd8 18. Nc1 Qc7 19. Nb3 Rff8 20. Qe2 h6 21. Be3 d5 22. exd5 Nexd5 23. Nxd5 Nxd5 24. Bf2 Kh7 25. Nc5 Bc8 {Prevents Ne6.} 26. c4 bxc4 27. Qxc4 Qc6 28. b4 Nc7 {[%cal Bd5c7,Bc7b5,Bb5a3,Ba3c2][%mdl 32]} 29. Qe2 (29. a4 $14) 29... Nb5 {aiming for ...Nc3.} 30. Qc2 {Inhibits Nc3.} (30. Rc1 $11) 30... Nxa3 $17 31. Qa4 Qxa4 32. Nxa4 Nc2 33. Bb6 Rxd1 (33... Rd7 {seems wilder.} 34. Rc1 Nd4 35. Rfe1 Re8 36. Rc4 Ne6) 34. Rxd1 f4 ({Don't play} 34... Nxb4 35. Bc5 Nc6 36. Bxf8 Bxf8 37. Rc1 $14) 35. Bc5 Re8 {[%cal Oe5e4]} 36. Rd6 ({White should play} 36. Nc3 $15) 36... Nd4 (36... Bf8 $1 $17 {[%cal Rf8d6]} 37. Rb6 Rd8) 37. g4 (37. Kf2 $11 {remains equal.}) 37... Bb7 $2 (37... Nb5 $1 $17 {[%cal Rb5d6]} 38. Rb6 Rd8) 38. Kf2 (38. Bxd4 $11 exd4 39. Nc5) 38... Ne6 {Black is more active.} (38... Re6 $1 $17) 39. Nb6 $2 (39. h3 $11 {and White has nothing to worry.}) 39... a5 (39... Nxc5 $19 40. bxc5 Bf8 41. Rd7+ Re7) 40. Bf1 axb4 (40... e4 $1 $17 41. Bb5 Re7) 41. Bb5 $11 Re7 ({Much less strong is} 41... Nxc5 42. Bxe8 Bf8 43. Rf6 $14) 42. Bxb4 e4 {Strongly threatening ...Nd4.} 43. fxe4 {[#]} (43. Bc4 $1 $11 Nd4 44. fxe4) 43... Ng5 $1 $17 ({Much weaker is} 43... Bxe4 44. Nc8 Bd4+ 45. Kf1 $11) 44. Rd7 Nxe4+ 45. Kf1 Rxd7 46. Nxd7 f3 (46... Nf6 $17 47. Ne5 Nd5) 47. Nc5 Nxc5 48. Bxc5 $11 {[%mdl 4096] Endgame KBB-KBB} Be5 49. h3 Bg3 50. Bf2 Be5 51. Ke1 Kg7 52. Kd2 Kf6 53. Bd3 (53. Be3 $15) 53... g5 (53... Kg5 $17 54. Bb1 Bf4+ 55. Ke1 Bd5) 54. Ke3 (54. Bb6 $11) 54... Bc7 (54... Bf4+ $1 $15 {deserves consideration.} 55. Kd4 Bb8) 55. Kd2 (55. Be4 $1 $11 Bb6+ 56. Kd2) 55... Ba5+ $17 56. Kc2 Ke5 {Prevents Bd4+. And now ...Kf4 would win.} 57. Bg3+ Kd5 {White must now prevent ...Bc6.} 58. Bf2 $2 (58. Bh7 $17) 58... Bc6 $19 59. Kb3 Bd2 60. Kc2 {[#]} Bf4 ({Better is} 60... Bb4 $1 $19 {Threatens to win with ...Ba4+.} 61. Ba6 Ke4 62. Bd3+ Kf4) 61. Kb3 {Prevents Ba4+.} (61. Kd1 $11 {keeps the balance.}) 61... Be5 $17 62. Kc2 Bd4 63. Bg3 Be3 64. Bf1 $2 {[%mdl 8192]} (64. Kd1 $17) 64... Kd4 $19 {Hoping for ...Ba4+.} 65. Bc7 {Bb6+ is the strong threat.} Ba4+ 66. Kb2 Bd1 {( -> ...Be2)} 67. Ba5 (67. Bb5 $19 f2 68. Ba6) 67... Be2 {Black mates.} 68. Bxe2 fxe2 69. Kc2 Ke4 70. Be1 Ke5 $2 {[%mdl 32768] Weighted Error Value: White=0.34/Black=0.32. Sensor Board Error (Ke4/e5)?} (70... Kf3 {mates} 71. Kc3 Bf2 72. Kb4 Bxe1+ 73. Kb5 Bc3 74. Kc5 e1=Q 75. Kc6 Qe6+ 76. Kc7 Ba5+ 77. Kb8 Qb6+ 78. Ka8 Qc7 79. h4 Bb6 80. hxg5 Qc8#) 0-1

[Event "Turkish Cup 2022"]
[Site "Sakarya"]
[Date "2022.03.26"]
[Round "2.7"]
[White "Huseyinoglu, Alihan"]
[Black "Yenil, Mucahit"]
[Result "1-0"]
[WhiteElo "2312"]
[BlackElo "1736"]
[Annotator "TA"]
[PlyCount "31"]
[EventDate "2022.03.25"]
[EventType "swiss"]
[EventCountry "TUR"]
[SourceTitle "playchess.com"]
[Source "ChessBase"]
[SourceQuality "1"]

{[%evp 16,31,89,83,99,21,85,85,102,104,154,152,162,152,358,361,357,305]} 1. d4 Nf6 2. c4 g6 3. Nc3 Bg7 4. e4 O-O 5. Be2 d6 6. Bg5 c5 7. d5 Na6 8. Qd2 Re8 9. Nf3 Nc7 {[%cal Ob7b5] E73: King's Indian: Averbakh Variation without 6...c5.} 10. h3 ({White should play} 10. O-O $16) 10... a6 (10... b5 $1 $11) 11. a4 $16 Rb8 {[%cal Ob7b5] White is better.} 12. O-O {White is more active.} Bd7 (12... b6 $142) 13. e5 dxe5 14. Nxe5 {[#]} Nfxd5 $146 {[#]} (14... Rf8 $16 {keeps fighting.} 15. Rfe1 Nce8) ({Predecessor:} 14... b5 15. cxb5 axb5 16. axb5 Nxb5 17. Nxd7 Nxc3 18. Nxb8 Nxe2+ 19. Qxe2 Qxb8 20. Rfd1 h6 {1-0 (39) Hernando Rodrigo,J (2351)-Cenal Gutierrez,R (2248) Barcelona 2005}) 15. Nxd7 $18 Qxd7 16. Nxd5 {Weighted Error Value: White=0.22 (precise) /Black=0.65} 1-0

[Event "Turkish Cup 2022"]
[Site "Sakarya"]
[Date "2022.03.26"]
[Round "2.8"]
[White "Basaran, Cahit"]
[Black "Eren, Ataberk"]
[Result "0-1"]
[WhiteElo "1782"]
[BlackElo "2306"]
[Annotator "TA"]
[PlyCount "136"]
[EventDate "2022.03.25"]
[EventType "swiss"]
[EventCountry "TUR"]
[SourceTitle "playchess.com"]
[Source "ChessBase"]
[SourceQuality "1"]

{[%evp 11,136,12,12,8,8,7,38,12,11,6,11,-25,-16,-29,-22,-43,-40,-45,-55,-83,-68,-56,-61,-64,-19,-47,-41,-56,-23,-38,-48,-36,-34,-41,0,0,0,-23,0,-17,-15,-15,-9,-45,-26,-69,-74,-72,-73,-68,-61,-72,-81,-85,0,-63,-54,-59,-16,-85,-88,-164,-144,-133,-52,-56,-56,-56,-56,-92,-92,-92,-92,-92,-92,-92,-92,-92,-92,-92,-92,-92,-92,-92,-92,-92,-92,-92,-92,-92,-92,-92,-92,-92,-92,-108,-92,-153,-145,-1924,-1584,-1451,-1357,-12834,-12832,-12827,-6662,-12836,-12837,-12838,-11913,-12836,-10002,-12840,-12841,-12841,-12841,-12842,-12842,-12844,-12843,-12846,-12847,-12847,-12847,-12848,-12844]} 1. e4 c6 2. d4 d5 3. Nc3 dxe4 4. Nxe4 Nf6 5. Nxf6+ exf6 6. Nf3 Bd6 7. c3 {B15: Caro-Kann: 3 Nc3: 3...g6 and 3...dxe4 4 Nxe4 Nf6 5 Nxf6+ exf6.} O-O 8. Bd3 Bg4 9. h3 {White is slightly better.} Bh5 10. Be3 Re8 11. g4 Bg6 12. Bxg6 hxg6 {[#]} 13. Qd2 $146 ({Predecessor:} 13. Qb3 b5 14. O-O-O a5 15. h4 Qc8 16. g5 Qf5 17. Ne1 Nd7 18. Nd3 Nb6 19. h5 {½-½ (68) Robidas,F (1995)-Voskanyan,V (2275) Montreal 2007}) 13... Qa5 14. O-O Qd5 15. Ne1 f5 {Black is much more active. White has bad knights.} 16. f3 Nd7 17. Ng2 Re7 (17... Nf6 $15) 18. b3 b5 19. Bf4 Rae8 20. Rae1 Rxe1 21. Rxe1 Rxe1+ 22. Nxe1 Bf8 (22... Nf8 $15) 23. Kf2 a5 {[%cal Ba7a5,Ba5a4][%mdl 32]} 24. Qd3 Qe6 (24... a4 $5 {[%cal Ra4b3]}) 25. Bc7 a4 26. c4 $1 Bd6 27. d5 cxd5 {Chess con chili.} 28. cxd5 Bc5+ $15 29. Kf1 {[#]} Qf6 30. Bg3 {To avoid Qh4} f4 $36 {[%mdl 2048] Black is more active.} 31. Bf2 Bxf2 32. Kxf2 Nb6 (32... Qb2+ $17 33. Qc2 Qd4+ 34. Kf1 axb3 35. Qxb3 Ne5 36. Qxb5 Nc4) 33. bxa4 (33. d6 $11) 33... bxa4 34. d6 Qe6 (34... g5 $1 $15) 35. a3 (35. Kf1 $1 $11) 35... Nd5 $17 36. Nc2 (36. Qd4 $17 {is a better defense.}) 36... Qxd6 $19 37. Qd4 {Inhibits Qc5.} Qc6 (37... Qd8 $17 38. Ke2 g5) 38. Nb4 $15 Qb6 39. Qxb6 Nxb6 {[%mdl 4096] Endgame KN-KN} 40. Ke2 Nc4 41. Nc2 g5 42. Kd3 Ne5+ 43. Ke4 f6 44. Nd4 Nc4 45. Kd3 Nxa3 {And now ...Kf7 would win.} 46. Kc3 Kf7 {Threatens to win with ...Ke7.} 47. Kb4 {[%csl LRa3,LRa4]} Nb1 {...Ke7 is the strong threat.} 48. Kxa4 Ke7 {Strongly threatening ...Kd6.} 49. Kb3 Nd2+ 50. Kc3 Nf1 51. Kd3 Ne3 52. Ke2 Kd6 53. Nb5+ Ke5 54. Nc3 {[#]} (54. Kd3 $142) 54... Nc2 $1 $17 55. Kd3 $2 {[%mdl 8192] This move loses the game for White.} (55. Na4 $17) 55... Nd4 $19 {White must now prevent ...f5. Black is clearly winning.} 56. Nd1 Nxf3 {aiming for ...f5.} 57. Nf2 Ng1 58. Kd2 Kd4 59. Ke1 f3 60. Kd2 g6 61. Ke1 Ke3 62. Kf1 Ne2 63. Nd1+ Kf4 64. Kf2 Ng3 65. Kg1 Ne4 66. Kh2 f5 67. gxf5 gxf5 68. Nb2 Ke5 {Weighted Error Value: White=0.49/Black=0.16 (very precise)} 0-1

[Event "Turkish Cup 2022"]
[Site "Sakarya"]
[Date "2022.03.26"]
[Round "2.9"]
[White "Ozsakallioglu, Okan"]
[Black "Vursan, Emre Can"]
[Result "1-0"]
[WhiteElo "2270"]
[BlackElo "1741"]
[Annotator "TA"]
[PlyCount "72"]
[EventDate "2022.03.25"]
[EventType "swiss"]
[EventCountry "TUR"]
[SourceTitle "playchess.com"]
[Source "ChessBase"]
[SourceQuality "1"]

{[%evp 14,72,57,40,102,114,105,65,52,97,85,82,112,114,109,116,103,106,144,86,89,89,84,78,85,16,8,0,112,112,152,141,559,548,539,573,549,562,571,571,567,559,589,586,574,479,591,587,593,583,599,570,830,831,836,796,918,888,5102,5029,987]} 1. e4 e5 2. Nf3 Nc6 3. Bb5 f5 4. d3 {[%cal Bd2d3,Bd3e4,Be4e5][%mdl 32]} fxe4 5. dxe4 Nf6 6. O-O Bc5 7. Bxc6 bxc6 8. Nxe5 Qe7 {[#] C63: Ruy Lopez: Schliemann/Jaenisch Defence.} (8... O-O $1 $14) 9. Nd3 $1 $16 {Black must now prevent Bg5. White is more active.} (9. Bf4 $6 O-O 10. Nd2 Bd6 $11) 9... Ba6 {[#]} 10. e5 $146 ({Predecessor:} 10. Re1 Bxd3 11. cxd3 O-O 12. Nc3 Rab8 13. d4 Bb6 14. Bg5 Qb4 15. e5 Nd5 16. Re4 Qxb2 {0-1 (38) Huse,S (1675)-Mehringer,J (1939) Helsingor 2014}) 10... Nd5 {White is slightly better.} 11. Nd2 O-O {[%cal Oc5f2]} (11... Bxd3 12. cxd3 O-O 13. Nf3 $14) 12. Nf3 {Bg5 is the strong threat.} Rf5 {Inhibits Bg5.} 13. b3 {aiming for c4.} Bxd3 14. Qxd3 Raf8 {[%cal Of5f3]} 15. Bd2 Qf7 16. c4 ({White should try} 16. Rae1) 16... Nf4 17. Bxf4 Rxf4 18. Rad1 $36 {[%mdl 2048] White has strong initiative.} ({Much worse is} 18. Ng5 Qf5 19. Qxf5 R4xf5 $11) 18... d6 19. Kh1 (19. Rde1 $16) 19... Qh5 $11 20. Rde1 Rg4 (20... dxe5 $11 {keeps the balance.} 21. Nxe5 (21. Rxe5 Rxf3 22. Rxh5 Rxd3 $15) 21... Rxf2 22. Nxc6 (22. Rxf2 Bxf2 23. Re2 Bg3 $11) 22... Rxf1+ 23. Rxf1 Rxf1+ 24. Qxf1 Qe8) 21. g3 $16 Rg6 22. Kg2 dxe5 $2 {[%mdl 8192] This move loses the game for Black.} (22... a5 $16 {is more resistant.} 23. Qe4 Bb4) 23. Rxe5 $18 {White is clearly winning.} Qxf3+ 24. Qxf3 Rxf3 25. Kxf3 $16 {[%mdl 4096] Endgame KRR-KRB} Rf6+ 26. Kg2 Bd4 27. Re7 c5 28. f4 Ra6 29. Re2 h5 30. h3 Kf7 31. Kf3 Rb6 32. Rfe1 Ra6 33. Re7+ Kf6 34. R1e2 g5 35. g4 h4 36. f5 {[#] Rh7 would kill now.} Rd6 {Weighted Error Value: White=0.15 (very precise) /Black=0.55} 1-0

[Event "Turkish Cup 2022"]
[Site "Sakarya"]
[Date "2022.03.26"]
[Round "2.11"]
[White "Yaran, Siar"]
[Black "Ercan, Mehmet Fahri"]
[Result "1-0"]
[WhiteElo "2272"]
[BlackElo "1775"]
[Annotator "ChessBase"]
[PlyCount "77"]
[EventDate "2022.03.25"]
[EventType "swiss"]
[EventCountry "TUR"]
[SourceTitle "playchess.com"]
[Source "ChessBase"]
[SourceQuality "1"]
[TimeControl "5400+30"]

1. c4 {[%emt 0:01:00]} e6 {[%emt 0:11:00]} 2. Nc3 {[%emt 0:01:30]} Nf6 {[%emt 0:02:30]} 3. e4 {[%emt 0:00:00]} d5 {[%emt 0:05:30]} 4. e5 {[%emt 0:00:00]} d4 {[%emt 0:01:30]} 5. exf6 {[%emt 0:00:30]} dxc3 {[%emt 0:00:30]} 6. bxc3 {[%emt 0:00:00]} Qxf6 {[%emt 0:02:30]} 7. d4 {[%emt 0:00:00]} c5 {[%emt 0:01:30]} 8. Nf3 {[%emt 0:00:30]} h6 {[%emt 0:00:30]} 9. Bd3 {[%emt 0:03:30]} cxd4 {[%emt 0:04:30]} 10. cxd4 {[%emt 0:00:30]} Bb4+ {[%emt 0:00:30]} 11. Bd2 {[%emt 0:00:30]} Bxd2+ {[%emt 0:00:30]} 12. Qxd2 {[%emt 0:00:00]} Nc6 {[%emt 0:03:30]} 13. Be4 {[%emt 0:10:00]} O-O {[%emt 0:06:30]} 14. O-O {[%emt 0:05:30]} Rd8 {[%emt 0:00:30]} 15. Bxc6 {[%emt 0:21:30]} bxc6 {[%emt 0:00:30]} 16. Qe3 {[%emt 0:14:30]} Bb7 {[%emt 0:25:30]} 17. Rab1 {[%emt 0:03:30]} Rd7 {[%emt 0:01:30]} 18. Ne5 {[%emt 0:01:30]} Rc7 {[%emt 0:00:30]} 19. c5 {[%emt 0:00:30]} Qf5 {[%emt 0:07:30]} 20. Nc4 {[%emt 0:10:30]} Qd5 {[%emt 0:08:07]} 21. Nd6 {[%emt 0:00:00]} Bc8 {[%emt 0:00:06]} 22. Rb2 {[%emt 0:02:00]} Rd7 {[%emt 0:01:39]} 23. Re1 {[%emt 0:04:30]} Ba6 {[%emt 0:02:56]} 24. h3 {[%emt 0:04:40]} Rad8 {[%emt 0:01:20]} 25. Rd2 {[%emt 0:02:59]} Bc8 {[%emt 0:04:10]} 26. Qf4 {[%emt 0:01:19]} f6 {[%emt 0:00:52]} 27. Qe4 {[%emt 0:04:43]} Qxe4 {[%emt 0:05:36]} 28. Rxe4 {[%emt 0:00:30]} Re7 {[%emt 0:00:01]} 29. f4 {[%emt 0:00:05]} g6 {[%emt 0:00:23]} 30. Rde2 {[%emt 0:04:22]} Bd7 {[%emt 0:00:47]} 31. Rb2 {[%emt 0:00:30]} Be8 {[%emt 0:00:00]} 32. f5 {[%emt 0:01:40]} gxf5 {[%emt 0:01:56]} 33. Nxf5 {[%emt 0:00:10]} Rh7 {[%emt 0:01:03]} 34. Rxe6 {[%emt 0:00:09]} Bd7 {[%emt 0:00:29]} 35. Rd6 {[%emt 0:00:58]} Re8 {[%emt 0:00:23]} 36. Rf2 {[%emt 0:01:21]} Re6 {[%emt 0:00:38]} 37. Nxh6+ {[%emt 0:00:45]} Kf8 {[%emt 0:00:53]} 38. Rxf6+ {[%emt 0:01:13]} Ke7 {[%emt 0:00:39]} 39. Ng8+ {[%emt 0:00:19]} 1-0

[Event "Turkish Cup 2022"]
[Site "Sakarya"]
[Date "2022.03.26"]
[Round "2.12"]
[White "Gur, Tuba"]
[Black "Danaci, Ege"]
[Result "1-0"]
[WhiteElo "1750"]
[BlackElo "2264"]
[Annotator "ChessBase"]
[PlyCount "61"]
[EventDate "2022.03.25"]
[EventType "swiss"]
[EventCountry "TUR"]
[SourceTitle "playchess.com"]
[Source "ChessBase"]
[SourceQuality "1"]
[TimeControl "5400+30"]

1. d4 {[%emt 0:01:00]} Nf6 {[%emt 0:01:00]} 2. Nf3 {[%emt 0:00:00]} e6 {[%emt 0:01:30]} 3. e3 {[%emt 0:01:00]} d5 {[%emt 0:00:30]} 4. Bd3 {[%emt 0:00:30]} c5 {[%emt 0:00:00]} 5. b3 {[%emt 0:03:30]} Nc6 {[%emt 0:01:00]} 6. a3 {[%emt 0:02:30]} Bd6 {[%emt 0:00:30]} 7. Bb2 {[%emt 0:02:30]} Qc7 {[%emt 0:01:30]} 8. Nbd2 {[%emt 0:05:30]} Bd7 {[%emt 0:05:30]} 9. dxc5 {[%emt 0:11:30]} Bxc5 {[%emt 0:00:00]} 10. c4 {[%emt 0:00:30]} Be7 {[%emt 0:10:00]} 11. Rc1 {[%emt 0:02:30]} Rc8 {[%emt 0:01:30]} 12. O-O {[%emt 0:01:30]} Qb8 {[%emt 0:00:30]} 13. e4 {[%emt 0:03:30]} dxc4 {[%emt 0:11:30]} 14. Nxc4 {[%emt 0:01:30]} O-O {[%emt 0:00:30]} 15. Nfe5 {[%emt 0:10:30]} b5 {[%emt 0:04:30]} 16. Nxd7 {[%emt 0:10:30]} Nxd7 {[%emt 0:00:30]} 17. Ne3 {[%emt 0:00:30]} Nce5 {[%emt 0:04:30]} 18. Rxc8 {[%emt 0:02:30]} Rxc8 {[%emt 0:00:30]} 19. Bb1 {[%emt 0:03:30]} Nc5 {[%emt 0:01:30]} 20. f4 {[%emt 0:09:30]} Nc6 {[%emt 0:00:30]} 21. Qg4 {[%emt 0:01:30]} Bf8 {[%emt 0:01:30]} 22. f5 {[%emt 0:06:43]} Ne5 {[%emt 0:08:30]} 23. Qh5 {[%emt 0:03:38]} Bd6 {[%emt 0:08:30]} 24. fxe6 {[%emt 0:05:26]} fxe6 {[%emt 0:00:30]} 25. b4 {[%emt 0:02:15]} Ncd7 {[%emt 0:07:30]} 26. Ba2 {[%emt 0:00:19]} Nf8 {[%emt 0:00:30]} 27. Nf5 {[%emt 0:02:37]} Neg6 {[%emt 0:10:54]} 28. Nxg7 {[%emt 0:02:13]} Qb6+ {[%emt 0:06:35]} 29. Kh1 {[%emt 0:00:15]} Rc4 {[%emt 0:12:27]} 30. Ne8 {[%emt 0:02:40]} Be7 {[%emt 0:00:55]} 31. Qh6 {[%emt 0:00:13]} 1-0

[Event "Turkish Cup 2022"]
[Site "Sakarya"]
[Date "2022.03.26"]
[Round "2.13"]
[White "Kirilmaz, Emre"]
[Black "Tocoglu, Onur"]
[Result "1-0"]
[WhiteElo "2229"]
[BlackElo "1798"]
[Annotator "ChessBase"]
[PlyCount "73"]
[EventDate "2022.03.25"]
[EventType "swiss"]
[EventCountry "TUR"]
[SourceTitle "playchess.com"]
[Source "ChessBase"]
[SourceQuality "1"]
[TimeControl "5400+30"]

1. d4 {[%emt 0:09:00]} Nf6 {[%emt 0:01:00]} 2. c3 {[%emt 0:01:30]} d5 {[%emt 0:00:30]} 3. Bg5 {[%emt 0:00:00]} Ne4 {[%emt 0:00:30]} 4. Bf4 {[%emt 0:00:00]} c5 {[%emt 0:00:30]} 5. f3 {[%emt 0:00:00]} Nf6 {[%emt 0:00:30]} 6. dxc5 {[%emt 0:00:00]} a5 {[%emt 0:04:30]} 7. b4 {[%emt 0:08:30]} axb4 {[%emt 0:16:30]} 8. cxb4 {[%emt 0:06:30]} Nc6 {[%emt 0:01:30]} 9. Bd2 {[%emt 0:01:30]} b6 {[%emt 0:06:30]} 10. b5 {[%emt 0:01:30]} Na5 {[%emt 0:08:30]} 11. c6 {[%emt 0:01:30]} e5 {[%emt 0:01:30]} 12. e3 {[%emt 0:29:30]} Bc5 {[%emt 0:04:30]} 13. Nc3 {[%emt 0:04:30]} d4 {[%emt 0:05:30]} 14. Na4 {[%emt 0:00:30]} Bd6 {[%emt 0:20:30]} 15. Bd3 {[%emt 0:04:30]} Be6 {[%emt 0:09:48]} 16. exd4 {[%emt 0:04:30]} exd4 {[%emt 0:01:11]} 17. Ne2 {[%emt 0:02:30]} Nc4 {[%emt 0:01:18]} 18. Bc1 {[%emt 0:05:30]} Ne5 {[%emt 0:05:30]} 19. Nb2 {[%emt 0:01:10]} Bb4+ {[%emt 0:01:45]} 20. Kf2 {[%emt 0:01:07]} O-O {[%emt 0:05:42]} 21. Bf4 {[%emt 0:02:13]} Qd5 {[%emt 0:02:03]} 22. a4 {[%emt 0:08:47]} Bc3 {[%emt 0:00:20]} 23. Rb1 {[%emt 0:00:46]} Bxb2 {[%emt 0:00:42]} 24. Rxb2 {[%emt 0:00:34]} Nxd3+ {[%emt 0:00:43]} 25. Qxd3 {[%emt 0:00:30]} Rxa4 {[%emt 0:00:00]} 26. Rd1 {[%emt 0:01:29]} Bf5 {[%emt 0:00:21]} 27. Qd2 {[%emt 0:00:00]} d3 {[%emt 0:00:53]} 28. Nc3 {[%emt 0:00:23]} Qd4+ {[%emt 0:00:30]} 29. Be3 {[%emt 0:00:30]} Qh4+ {[%emt 0:00:30]} 30. Kg1 {[%emt 0:00:00]} Rc4 {[%emt 0:00:46]} 31. Bxb6 {[%emt 0:01:01]} Re8 {[%emt 0:00:13]} 32. Bf2 {[%emt 0:00:27]} Qh5 {[%emt 0:00:33]} 33. b6 {[%emt 0:01:46]} Rxc6 {[%emt 0:00:58]} 34. b7 {[%emt 0:00:30]} Nd7 {[%emt 0:00:00]} 35. Bg3 {[%emt 0:01:50]} Nb8 {[%emt 0:01:11]} 36. Bxb8 {[%emt 0:01:46]} Rxb8 {[%emt 0:00:01]} 37. Qf4 {[%emt 0:00:05]} 1-0

[Event "Turkish Cup 2022"]
[Site "Sakarya"]
[Date "2022.03.26"]
[Round "2.14"]
[White "Sezis, Doruk"]
[Black "Kilic, Efe Mert"]
[Result "1/2-1/2"]
[WhiteElo "1566"]
[BlackElo "2220"]
[Annotator "ChessBase"]
[PlyCount "74"]
[EventDate "2022.03.25"]
[EventType "swiss"]
[EventCountry "TUR"]
[SourceTitle "playchess.com"]
[Source "ChessBase"]
[SourceQuality "1"]
[TimeControl "5400+30"]

1. c4 {[%emt 0:01:00]} e5 {[%emt 0:01:00]} 2. Nc3 {[%emt 0:00:30]} Nf6 {[%emt 0:00:30]} 3. g3 {[%emt 0:00:30]} d5 {[%emt 0:00:00]} 4. cxd5 {[%emt 0:00:00]} Nxd5 {[%emt 0:00:00]} 5. Bg2 {[%emt 0:00:00]} Nb6 {[%emt 0:00:30]} 6. Nf3 {[%emt 0:00:30]} Nc6 {[%emt 0:00:30]} 7. O-O {[%emt 0:00:30]} Be7 {[%emt 0:00:30]} 8. Rb1 {[%emt 0:00:00]} f6 {[%emt 0:13:30]} 9. d3 {[%emt 0:00:00]} Be6 {[%emt 0:00:30]} 10. Be3 {[%emt 0:00:30]} Nd4 {[%emt 0:26:30]} 11. b4 {[%emt 0:02:30]} c6 {[%emt 0:09:30]} 12. a4 {[%emt 0:07:30]} O-O {[%emt 0:03:30]} 13. Bxd4 {[%emt 0:03:30]} exd4 {[%emt 0:00:30]} 14. Ne4 {[%emt 0:00:00]} Rb8 {[%emt 0:05:30]} 15. Qc2 {[%emt 0:01:00]} Bf7 {[%emt 0:06:30]} 16. Nc5 {[%emt 0:07:30]} Re8 {[%emt 0:04:30]} 17. Rfc1 {[%emt 0:00:30]} Nd7 {[%emt 0:09:59]} 18. Qb2 {[%emt 0:02:30]} Bxc5 {[%emt 0:08:21]} 19. bxc5 {[%emt 0:00:30]} b6 {[%emt 0:00:50]} 20. cxb6 {[%emt 0:00:30]} Rxb6 {[%emt 0:02:40]} 21. Qxd4 {[%emt 0:00:30]} c5 {[%emt 0:00:33]} 22. Qc3 {[%emt 0:05:30]} Rxe2 {[%emt 0:00:24]} 23. d4 {[%emt 0:00:00]} Qf8 {[%emt 0:04:33]} 24. Rb5 {[%emt 0:08:00]} c4 {[%emt 0:00:50]} 25. Bf1 {[%emt 0:03:30]} Ra2 {[%emt 0:00:13]} 26. Bxc4 {[%emt 0:00:30]} Rxa4 {[%emt 0:00:30]} 27. Bxf7+ {[%emt 0:00:30]} Qxf7 {[%emt 0:00:00]} 28. Qc8+ {[%emt 0:01:30]} Nf8 {[%emt 0:00:12]} 29. Rxb6 {[%emt 0:00:30]} axb6 {[%emt 0:00:00]} 30. Qc6 {[%emt 0:00:00]} Qb3 {[%emt 0:01:59]} 31. d5 {[%emt 0:02:00]} b5 {[%emt 0:00:55]} 32. d6 {[%emt 0:00:30]} Qd3 {[%emt 0:00:10]} 33. Re1 {[%emt 0:09:30]} Ra3 {[%emt 0:00:01]} 34. Kg2 {[%emt 0:01:30]} Rc3 {[%emt 0:00:28]} 35. Qb7 {[%emt 0:00:30]} Qxd6 {[%emt 0:00:56]} 36. Re7 {[%emt 0:00:30]} Ne6 {[%emt 0:00:45]} 37. Qa8+ {[%emt 0:00:30]} Nf8 {[%emt 0:00:10]} 1/2-1/2

[Event "Turkish Cup 2022"]
[Site "Sakarya"]
[Date "2022.03.26"]
[Round "2.15"]
[White "Gulbeyaz, Emir"]
[Black "Camdereli, Gunduz"]
[Result "1-0"]
[WhiteElo "2218"]
[BlackElo "1737"]
[Annotator "ChessBase"]
[PlyCount "41"]
[EventDate "2022.03.25"]
[EventType "swiss"]
[EventCountry "TUR"]
[SourceTitle "playchess.com"]
[Source "ChessBase"]
[SourceQuality "1"]
[TimeControl "5400+30"]

1. d4 {[%emt 0:05:00]} Nf6 {[%emt 0:02:00]} 2. c4 {[%emt 0:00:00]} g6 {[%emt 0:01:30]} 3. Nc3 {[%emt 0:00:00]} d5 {[%emt 0:00:30]} 4. h4 {[%emt 0:00:30]} Bg7 {[%emt 0:04:30]} 5. h5 {[%emt 0:00:00]} Ne4 {[%emt 0:16:30]} 6. Nxd5 {[%emt 0:02:00]} e6 {[%emt 0:10:30]} 7. Nc3 {[%emt 0:08:30]} Nxc3 {[%emt 0:14:30]} 8. bxc3 {[%emt 0:00:30]} c5 {[%emt 0:00:00]} 9. Nf3 {[%emt 0:00:00]} Nc6 {[%emt 0:02:00]} 10. e3 {[%emt 0:02:00]} O-O {[%emt 0:06:30]} 11. Be2 {[%emt 0:00:30]} e5 {[%emt 0:08:30]} 12. d5 {[%emt 0:04:30]} e4 {[%emt 0:01:30]} 13. Nd2 {[%emt 0:00:30]} Bxc3 {[%emt 0:06:30]} 14. Rb1 {[%emt 0:00:30]} Ne5 {[%emt 0:06:20]} 15. Qc2 {[%emt 0:09:30]} Qf6 {[%emt 0:13:24]} 16. Rb3 {[%emt 0:04:30]} Ba5 {[%emt 0:01:40]} 17. Bb2 {[%emt 0:03:30]} Bf5 {[%emt 0:00:32]} 18. g4 {[%emt 0:00:30]} Nd3+ {[%emt 0:01:39]} 19. Bxd3 {[%emt 0:01:30]} exd3 {[%emt 0:00:07]} 20. Qd1 {[%emt 0:02:30]} Bxg4 {[%emt 0:01:14]} 21. Bxf6 {[%emt 0:00:30]} 1-0